Normal view
MARC view
- Troup, Gorden
Entry Personal Name
001 - CONTROL NUMBER
- control field: 5855
003 - CONTROL NUMBER IDENTIFIER
- control field: OSt
005 - DATE AND TIME OF LATEST TRANSACTION
- control field: 20240213145915.0
008 - FIXED-LENGTH DATA ELEMENTS
- fixed length control field: 240213|| aca||aabn | a|a d
040 ## - CATALOGING SOURCE
- Original cataloging agency: OSt
- Transcribing agency: OSt
100 ## - HEADING--PERSONAL NAME
- Personal name: Troup, Gorden
670 ## - SOURCE DATA FOUND
- Source citation: Work cat.: (OSt)8: Troup, Gorden ., Marsers and larsers: molecular amplification and oscillation by stimulated emission , 1965.
